[Event "Terre degli Elimi op 6th"]
[Site "Erice"]
[Date "2015.07.28"]
[Round "1"]
[White "Marras, Giuseppe"]
[Black "Pisacane, Pietro"]
[Result "0-1"]
[WhiteElo "1814"]
[BlackElo "2127"]
[PlyCount "104"]
[EventDate "2015.07.28"]
[EventType "swiss"]
[EventRounds "9"]
[EventCountry "ITA"]
[SourceTitle "EXT 2017"]
[Source "ChessBase"]
[SourceDate "2016.10.25"]
[SourceVersion "1"]
[SourceVersionDate "2016.10.25"]
[SourceQuality "1"]

1. e4 e6 2. d4 d5 3. Nc3 Nf6 4. e5 Nfd7 5. f4 c5 6. Nf3 Nc6 7. Be3 cxd4 8. Nxd4 Bc5 9. Na4 Be7 10. Be2 Qa5+ 11. Nc3 a6 12. a3 Qc7 13. Qd2 b5 14. b4 Nxb4 15. Ncxb5 axb5 16. 0-0 Nc6 17. Nxb5 Qa5 18. c3 Bc5 19. Bxc5 Nxc5 20. Nd6+ Ke7 21. Qe3 Nb3 22. Rab1 Qc5 23. Qxc5 Nxc5 24. Bb5 Na7 25. f5 exf5 26. g4 g6 27. Nxc8+ Rhxc8 28. gxf5 Nxb5 29. Rxb5 gxf5 30. Rxf5 Rxa3 31. Rf3 Ra7 32. Rb6 Ne4 33. Rd3 Rg8+ 34. Kf1 Ra1+ 35. Ke2 Ra2+ 36. Ke3 Ra5 37. Kd4 Ra4+ 38. Ke3 Nxc3 39. Kf3 Rc4 40. Rd2 Rg5 41. Rdb2 Rxe5 42. Rb7+ Kf8 43. Rb8+ Kg7 44. Rg2+ Kf6 45. Rh8 Kf5 46. Rg3 Rf4+ 47. Kg2 Re2+ 48. Kh3 Ne4 49. Rxh7 Nf2+ 50. Kg2 Ng4+ 51. Kg1 Re1+ 52. Kg2 Rf2+ 0-1

[Event "ITA-ch U20 23th"]
[Site "Giovinazzo"]
[Date "2015.07.26"]
[Round "9"]
[White "Pisacane, Pietro"]
[Black "Spinella, Andrea"]
[Result "1-0"]
[WhiteElo "2127"]
[BlackElo "1909"]
[PlyCount "140"]
[EventDate "2015.07.19"]
[EventType "swiss"]
[EventRounds "9"]
[EventCountry "ITA"]
[SourceTitle "EXT 2024"]
[Source "ChessBase"]
[SourceDate "2023.10.10"]
[SourceVersion "1"]
[SourceVersionDate "2023.10.10"]
[SourceQuality "1"]

1. d4 Nf6 2. c4 e6 3. Nf3 b6 4. g3 Ba6 5. Qc2 d5 6. cxd5 exd5 7. Bg2 Bb4+ 8. Bd2 Bxd2+ 9. Qxd2 0-0 10. Nc3 Qd6 11. 0-0 Nbd7 12. Rfd1 Rfe8 13. Rac1 Rac8 14. Bh3 Rcd8 15. Qc2 Re7 16. e3 c5 17. Qa4 b5 18. Nxb5 Qc6 19. Bf1 c4 20. Nc3 Qxa4 21. Nxa4 Rb8 22. b3 Rb4 23. Nd2 Rxa4 24. bxa4 Nb6 25. a5 Na4 26. Nxc4 dxc4 27. Bxc4 Bxc4 28. Rxc4 Nb2 29. Rc8+ Re8 30. Rdc1 Kf8 31. R8c7 Nd3 32. Rd1 Nb4 33. a3 Nbd5 34. Rxa7 Nc3 35. Rd3 Rc8 36. Rb7 Nfe4 37. a6 Nd6 38. Rb4 Nd5 39. Ra4 Nb6 40. Rb4 Nd5 41. Rb1 Ra8 42. f3 f5 43. Re1 Nf6 44. g4 fxg4 45. e4 Nf7 46. fxg4 Nxg4 47. e5 Rxa6 48. h3 Ngh6 49. d5 Nf5 50. Rb3 Ra8 51. Kf2 Rc8 52. d6 Nd4 53. Rb2 Ne6 54. a4 Nc5 55. Rd2 Ng5 56. Kg2 Nge6 57. a5 Ra8 58. Ra2 Nd3 59. Rf1+ Ke8 60. a6 Nb4 61. Ra4 Nd5 62. Kh2 Nb6 63. Ra2 Nd7 64. Re1 Ndc5 65. a7 Nd4 66. Rb1 Nd7 67. Rb7 Nf3+ 68. Kg3 Nd4 69. e6 Nxe6 70. Re2 Nb8 1-0

[Event "ITA-ch U20 23th"]
[Site "Giovinazzo"]
[Date "2015.07.25"]
[Round "8"]
[White "Pasini, Nicolo"]
[Black "Pisacane, Pietro"]
[Result "0-1"]
[WhiteElo "1804"]
[BlackElo "2127"]
[PlyCount "68"]
[EventDate "2015.07.19"]
[EventType "swiss"]
[EventRounds "9"]
[EventCountry "ITA"]
[SourceTitle "EXT 2024"]
[Source "ChessBase"]
[SourceDate "2023.10.10"]
[SourceVersion "1"]
[SourceVersionDate "2023.10.10"]
[SourceQuality "1"]

1. e4 e6 2. d4 d5 3. Nc3 h6 4. exd5 exd5 5. Qf3 Nf6 6. Nh3 c6 7. Bf4 Be7 8. Be2 Be6 9. Qg3 g5 10. Bc7 Qc8 11. Bd6 Bxd6 12. Qxd6 Qd7 13. Qxd7+ Nbxd7 14. f4 Rg8 15. Rf1 Bg4 16. Nf2 gxf4 17. Nxg4 Nxg4 18. Bxg4 Rxg4 19. Kf2 f3 20. Rae1+ Kf8 21. Kxf3 Rxd4 22. Re2 Re8 23. Rfe1 Rxe2 24. Rxe2 Rh4 25. g4 h5 26. gxh5 Rxh5 27. Kg4 Rh6 28. Kg5 Rg6+ 29. Kf5 Nc5 30. h4 Ne6 31. Rh2 Ke7 32. Ne2 b6 33. c3 c5 34. Nf4 Rf6+ 0-1

[Event "Nicolosi Etna op 1st"]
[Site "Nicolosi"]
[Date "2014.12.08"]
[Round "6"]
[White "Pisacane, Pietro"]
[Black "Vesce, Emanuele"]
[Result "1/2-1/2"]
[WhiteElo "2110"]
[BlackElo "1895"]
[PlyCount "58"]
[EventDate "2014.12.05"]
[EventType "swiss"]
[EventRounds "7"]
[EventCountry "ITA"]
[SourceTitle "CBM 163 Extra"]
[Source "ChessBase"]
[SourceDate "2014.12.23"]
[SourceVersion "1"]
[SourceVersionDate "2014.12.23"]
[SourceQuality "1"]

1. d4 Nf6 2. c4 g6 3. d5 c6 4. Nc3 cxd5 5. cxd5 d6 6. e4 Bg7 7. Be2 Nbd7 8. Nf3 0-0 9. Be3 Nc5 10. Nd2 Bd7 11. 0-0 b5 12. b4 Na4 13. Nxa4 bxa4 14. Rb1 a6 15. f3 Bb5 16. Nc4 Nd7 17. Qd2 Bxc4 18. Bxc4 Ne5 19. Be2 Qd7 20. Rfc1 f5 21. f4 Ng4 22. Bxg4 fxg4 23. Rc6 e5 24. fxe5 Bxe5 25. Rbc1 Qe7 26. Bg5 Qa7+ 27. Be3 Qe7 28. Bg5 Qa7+ 29. Be3 Qe7 1/2-1/2

[Event "Nicolosi Etna op 1st"]
[Site "Nicolosi"]
[Date "2014.12.06"]
[Round "3"]
[White "Savina, Anastasia"]
[Black "Pisacane, Pietro"]
[Result "1-0"]
[WhiteElo "2397"]
[BlackElo "2110"]
[PlyCount "67"]
[EventDate "2014.12.05"]
[EventType "swiss"]
[EventRounds "7"]
[EventCountry "ITA"]
[SourceTitle "CBM 163 Extra"]
[Source "ChessBase"]
[SourceDate "2014.12.23"]
[SourceVersion "1"]
[SourceVersionDate "2014.12.23"]
[SourceQuality "1"]

1. d4 Nf6 2. c4 g6 3. Nc3 Bg7 4. e4 d6 5. Nf3 0-0 6. h3 c5 7. d5 a6 8. a4 e6 9. Bd3 exd5 10. exd5 Re8+ 11. Be3 Nbd7 12. 0-0 Ne5 13. Nxe5 Rxe5 14. Bf4 Re8 15. Qd2 Nh5 16. Bg5 f6 17. Be3 f5 18. Bg5 Bf6 19. Bxf6 Qxf6 20. Rfe1 Bd7 21. a5 Rxe1+ 22. Rxe1 Re8 23. Rxe8+ Bxe8 24. Ne2 Bd7 25. b4 f4 26. Be4 cxb4 27. Qxb4 Qa1+ 28. Kh2 Qf1 29. Bf3 Qxf2 30. Qxd6 Ng3 31. Qb8+ Kg7 32. Qe5+ Kf8 33. d6 Nf5 34. Bd5 1-0

[Event "Amantea op 12th"]
[Site "Amantea"]
[Date "2014.09.12"]
[Round "7"]
[White "Sveshnikov, Vladimir"]
[Black "Pisacane, Pietro"]
[Result "1-0"]
[WhiteElo "2380"]
[BlackElo "2094"]
[PlyCount "91"]
[EventDate "2014.09.07"]
[EventType "swiss"]
[EventRounds "9"]
[EventCountry "ITA"]
[SourceTitle "CBM 162 Extra"]
[Source "ChessBase"]
[SourceDate "2014.10.17"]
[SourceVersion "1"]
[SourceVersionDate "2014.10.17"]
[SourceQuality "1"]

1. e4 e6 2. d4 d5 3. Nd2 Nf6 4. e5 Nfd7 5. c3 c5 6. Bd3 Nc6 7. Ne2 cxd4 8. cxd4 f6 9. exf6 Nxf6 10. 0-0 Bd6 11. Nf3 Qc7 12. Ng3 0-0 13. Bg5 e5 14. dxe5 Nxe5 15. Rc1 Qf7 16. Be2 Nfd7 17. Be3 Nxf3+ 18. Bxf3 Nf6 19. Bc5 Bxc5 20. Rxc5 Be6 21. Qd4 b6 22. Rc3 Rac8 23. Rfc1 Rc4 24. Qd3 Rfc8 25. b3 R4c5 26. Qe3 Rxc3 27. Rxc3 Rxc3 28. Qxc3 Qd7 29. h3 Qd6 30. Ne2 Kf8 31. Nd4 Bd7 32. b4 Ne8 33. b5 Qc5 34. Qe3 Nf6 35. a4 Qb4 36. Qe5 Qxa4 37. Qd6+ Ke8 38. Nc6 Bxc6 39. bxc6 Qc4 40. c7 Kf7 41. Bg4 Nxg4 42. Qd7+ Kf6 43. hxg4 Qc1+ 44. Kh2 Qf4+ 45. Kh3 Qxf2 46. Qf5+ 1-0

[Event "Amantea op 12th"]
[Site "Amantea"]
[Date "2014.09.09"]
[Round "3"]
[White "Valsecchi, Alessio"]
[Black "Pisacane, Pietro"]
[Result "1-0"]
[WhiteElo "2438"]
[BlackElo "2094"]
[PlyCount "51"]
[EventDate "2014.09.07"]
[EventType "swiss"]
[EventRounds "9"]
[EventCountry "ITA"]
[SourceTitle "CBM 162 Extra"]
[Source "ChessBase"]
[SourceDate "2014.10.17"]
[SourceVersion "1"]
[SourceVersionDate "2014.10.17"]
[SourceQuality "1"]

1. e4 e6 2. d4 d5 3. Nd2 Nf6 4. e5 Nfd7 5. Bd3 c5 6. c3 Nc6 7. Ngf3 g6 8. h4 h5 9. 0-0 Be7 10. c4 cxd4 11. cxd5 Ndxe5 12. dxc6 Nxd3 13. Qa4 bxc6 14. Qxc6+ Bd7 15. Qe4 Nxc1 16. Rfxc1 0-0 17. Ne5 Bf6 18. Ndf3 Kg7 19. Rc4 Qe7 20. Rc7 Rad8 21. Qb7 Bxe5 22. Nxe5 Bc8 23. Rxe7 Bxb7 24. Rxb7 d3 25. Rd1 Rd5 26. f4 1-0

[Event "Terre degli Elimi op 5th"]
[Site "Erice"]
[Date "2014.07.23"]
[Round "7"]
[White "De Wit, Tex"]
[Black "Pisacane, Pietro"]
[Result "0-1"]
[WhiteElo "2330"]
[BlackElo "2058"]
[PlyCount "90"]
[EventDate "2014.07.19"]
[EventType "swiss"]
[EventRounds "9"]
[EventCountry "ITA"]
[SourceTitle "CBM 161 Extra"]
[Source "ChessBase"]
[SourceDate "2014.08.29"]
[SourceVersion "1"]
[SourceVersionDate "2014.08.29"]
[SourceQuality "1"]

1. c4 Nf6 2. Nc3 g6 3. g3 Bg7 4. Bg2 0-0 5. e4 d6 6. Nge2 c5 7. 0-0 Nc6 8. a3 a5 9. d3 Ne8 10. Rb1 Nc7 11. f4 Bg4 12. h3 Bxe2 13. Qxe2 Ne6 14. Bd2 Ned4 15. Qd1 Rb8 16. Qa4 e6 17. Kh2 Qb6 18. b3 Ra8 19. Nd1 Qc7 20. Nf2 Rfb8 21. e5 dxe5 22. Ne4 f5 23. Nc3 Rd8 24. Rbd1 h5 25. h4 Qb6 26. fxe5 Nxe5 27. Bg5 Rd7 28. Rb1 Ndc6 29. Qb5 Qc7 30. Bf4 Na7 31. Qa4 Rxd3 32. Nb5 Nxb5 33. Qxb5 Ng4+ 34. Kh1 e5 35. Bg5 e4 36. Bf4 Qc6 37. Rfe1 Qxb5 38. cxb5 Be5 39. Bf1 Rd4 40. Be3 Nxe3 41. Rxe3 b6 42. a4 Rad8 43. Rbe1 Kg7 44. Bc4 Rd2 45. Rf1 Rb2 0-1

[Event "Terre degli Elimi op 5th"]
[Site "Erice"]
[Date "2014.07.19"]
[Round "1"]
[White "Sieciechowicz, Marcin"]
[Black "Pisacane, Pietro"]
[Result "1-0"]
[WhiteElo "2438"]
[BlackElo "2058"]
[PlyCount "69"]
[EventDate "2014.07.19"]
[EventType "swiss"]
[EventRounds "9"]
[EventCountry "ITA"]
[SourceTitle "CBM 161 Extra"]
[Source "ChessBase"]
[SourceDate "2014.08.29"]
[SourceVersion "1"]
[SourceVersionDate "2014.08.29"]
[SourceQuality "1"]

1. b3 d5 2. Bb2 e6 3. Nf3 Nf6 4. g3 Be7 5. Bg2 0-0 6. d3 c5 7. 0-0 Nc6 8. Nbd2 Rb8 9. e4 Qc7 10. e5 Nd7 11. Qe2 b5 12. Rfe1 a5 13. h4 c4 14. Nf1 a4 15. h5 Bb4 16. c3 a3 17. cxb4 axb2 18. Qxb2 Nxb4 19. Qc3 Nxd3 20. Re3 N7c5 21. Ng5 h6 22. Nh3 b4 23. Qd4 Ba6 24. Nf4 Qb6 25. Nh2 Nxf4 26. Qxf4 Nd3 27. Qg4 d4 28. Re4 c3 29. Bf1 Rfd8 30. Qf3 Nc5 31. Rg4 Bb7 32. Qf6 Kf8 33. Rxg7 Qc7 34. Rh7 Ke8 35. Bb5+ 1-0

[Event "Messina op 2nd"]
[Site "Messina"]
[Date "2012.08.31"]
[Round "6"]
[White "Pisacane, Pietro"]
[Black "Quattrone, Andrea"]
[Result "0-1"]
[WhiteElo "2036"]
[BlackElo "1820"]
[PlyCount "132"]
[EventDate "2012.08.27"]
[EventType "swiss"]
[EventRounds "8"]
[EventCountry "ITA"]
[SourceTitle "EXT 2014"]
[Source "ChessBase"]
[SourceDate "2013.11.20"]
[SourceVersion "1"]
[SourceVersionDate "2013.11.20"]
[SourceQuality "1"]

1. Nf3 Nf6 2. b3 c5 3. Bb2 Nc6 4. g3 d5 5. Bg2 e6 6. 0-0 Bd6 7. d4 b6 8. dxc5 bxc5 9. c4 0-0 10. Na3 Be7 11. Nd2 Bb7 12. cxd5 exd5 13. Rc1 Na5 14. Re1 Rc8 15. e4 d4 16. Ndc4 Nc6 17. e5 Nd5 18. Nd6 Bxd6 19. Bxd5 Be7 20. Qf3 Ba8 21. Qg2 Nb4 22. Bxa8 Rxa8 23. Qe4 Nxa2 24. Ra1 Nb4 25. Nc4 Qd5 26. Qxd5 Nxd5 27. Ra5 Nb4 28. Rea1 Nd3 29. Rxa7 Rxa7 30. Rxa7 Re8 31. Ba3 Bf8 32. Rc7 Rb8 33. Nd2 Rb5 34. f4 g5 35. Ne4 Ra5 36. Bxc5 Nxc5 37. Nxg5 d3 38. Nf3 Ra1+ 39. Kf2 Nxb3 40. Rd7 Bc5+ 41. Kg2 d2 42. Rd8+ Kg7 43. Nxd2 Ra2 44. Kh3 Rxd2 45. Rxd2 Nxd2 46. Kg4 Nf1 47. Kh3 Bg1 48. f5 Bd4 49. e6 fxe6 50. fxe6 Kf6 51. e7 Kxe7 52. Kg2 Nd2 53. Kh1 Kf6 54. Kg2 Kf5 55. Kh1 Kg4 56. Kg2 Bb6 57. Kh1 Kf3 58. g4 Kxg4 59. Kg2 Ne4 60. Kh1 Nf2+ 61. Kg2 Kh4 62. h3 Nxh3 63. Kh1 Nf2+ 64. Kg2 Kg4 65. Kh2 Kf3 66. Kg1 Kg3 0-1

[Event "Messina op 2nd"]
[Site "Messina"]
[Date "2012.08.29"]
[Round "3"]
[White "Pisacane, Pietro"]
[Black "Iannello, Andrea"]
[Result "1-0"]
[WhiteElo "2036"]
[BlackElo "1776"]
[PlyCount "119"]
[EventDate "2012.08.27"]
[EventType "swiss"]
[EventRounds "8"]
[EventCountry "ITA"]
[SourceTitle "EXT 2014"]
[Source "ChessBase"]
[SourceDate "2013.11.20"]
[SourceVersion "1"]
[SourceVersionDate "2013.11.20"]
[SourceQuality "1"]

1. d4 Nf6 2. c4 e6 3. Nf3 b6 4. e3 Bb7 5. Be2 c5 6. Nc3 d5 7. 0-0 Be7 8. cxd5 Nxd5 9. Ne5 0-0 10. Bf3 Bf6 11. Ng4 Nxc3 12. bxc3 Bxf3 13. Qxf3 Nd7 14. Rd1 cxd4 15. cxd4 Rc8 16. e4 Rc4 17. e5 Bg5 18. Qe2 Rxc1 19. Raxc1 Bxc1 20. Rxc1 h5 21. Ne3 Qh4 22. Qd3 Rb8 23. Rc7 Qd8 24. Qc3 a6 25. Qc6 Nf8 26. Qd6 b5 27. Rc6 a5 28. Qxd8 Rxd8 29. Nc2 Nd7 30. Kf1 Kf8 31. Ke2 Rb8 32. Rc7 Ke7 33. Ra7 a4 34. Nb4 Ke8 35. Na6 Rc8 36. Nc7+ Kd8 37. Nxb5 Rc2+ 38. Ke3 Rxa2 39. Nd6 f5 40. Ra8+ Kc7 41. Ra7+ Kd8 42. Nf7+ Ke7 43. Ng5 Ra3+ 44. Kf4 g6 45. d5 Kd8 46. Nxe6+ Ke8 47. Ng7+ Kd8 48. e6 Ra2 49. Rxd7+ Kc8 50. e7 Kxd7 51. e8Q+ Kd6 52. Qc6+ Ke7 53. Qc7+ Kf8 54. Ne6+ Ke8 55. Qc6+ Ke7 56. d6+ Kf6 57. Qc3+ Kf7 58. Qg7+ Kxe6 59. Qg8+ Kxd6 60. Qxa2 1-0

[Event "Palmi op 5th"]
[Site "Palmi"]
[Date "2012.01.06"]
[Round "9"]
[White "Pisacane, Pietro"]
[Black "Pierandrei, Danilo"]
[Result "1-0"]
[WhiteElo "2004"]
[BlackElo "1888"]
[PlyCount "73"]
[EventDate "2012.01.02"]
[EventType "swiss"]
[EventRounds "9"]
[EventCountry "ITA"]
[SourceTitle "CBM 146 Extra"]
[Source "ChessBase"]
[SourceDate "2012.02.29"]
[SourceVersion "1"]
[SourceVersionDate "2012.02.29"]
[SourceQuality "1"]

1. d4 d5 2. c4 e6 3. Nf3 Nf6 4. Nc3 c6 5. e3 Nbd7 6. Bd3 dxc4 7. Bxc4 b5 8. Bd3 b4 9. Na4 Bd6 10. e4 e5 11. 0-0 0-0 12. Qc2 Qc7 13. h3 a5 14. Be3 Ba6 15. Bxa6 Rxa6 16. dxe5 Bxe5 17. Nxe5 Qxe5 18. Rad1 c5 19. g4 Qc7 20. g5 Nh5 21. Qd3 Ra7 22. Qd6 Re8 23. Nxc5 Nxc5 24. Bxc5 Qxd6 25. Rxd6 Rc7 26. Be3 f6 27. gxf6 Nxf6 28. f3 Rc2 29. Rd2 Rc6 30. Rfd1 Kf7 31. Kf2 g6 32. Rd6 Rxd6 33. Rxd6 Ke7 34. Ra6 Rc8 35. Bg5 Rf8 36. Rxf6 Rxf6 37. e5 1-0